000 00440nam a2200169Ia 4500
003 LK-CoDNM
008 010623t1940 xxu||||| |||| 00| 1 sin d
040 _aLK-CoDNM
_dLK-CoDNM
_eLK-CoDNM
041 _asin
080 _ap 6
100 _aKumaranatunga,Munidasa
245 _aශික්ෂාමාර්ගය
246 _aShikshaamaargaya.Part I
260 _bRatnakara Press
_aColombo
_c1940
300 _b70p., 21 cm
942 _cBK
999 _c99712
_d99712